The Possibility of Optimizing Tax Liability as a Legal Tool in the Hands of Entrepreneurs

Enregistré dans:
Détails bibliographiques
Auteur principal: Lukáč, Jozef, 1991-
Format: Chapitre de livre
Langue:anglais
Sujets:
Tags: Ajouter un tag
Pas de tags, Soyez le premier à ajouter un tag!

MARC

LEADER 00000naa$a2200000$$$4500
001 0286297
005 20240502074415.0
041 0 |a eng 
044 |a SK 
245 1 0 |a The Possibility of Optimizing Tax Liability as a Legal Tool in the Hands of Entrepreneurs  |c Jozef Lukáč 
500 |a abstrakt 
610 2 0 |a povinnosť daňová 
610 2 0 |a optimalizácia daňová 
610 2 0 |a podnikatelia 
610 2 0 |a politika daňová 
100 1 |a Lukáč, Jozef, 1991-